000 01202naa a22003497a 4500
001 BR8206224
003 BR-BrBNA
005 20240918175210.0
007 ta
008 230509b bl.||||| |||| 00| 0 por d
040 _aBR-BrBNA
_bpor
_cBiblioteca Nacional de Agricultura
041 _a(Pt)
072 _aF00; P05
_b1940
_b3575
_bG514
090 _aF00 BR8206224
100 1 _aBorba, C. da S.
100 1 _aBarni, N.A.
100 1 _aVilhena, M.T.
100 1 _aAndrade, R.N.B.
100 1 _aGoncalves, J.C.
100 1 _aGomes, E.S.
100 1 _aAntoniolli, Z.I.
245 1 _aIrradiacao de sementes de milheto (Pennisetum americanum (L.)Schum)com raios gama de Co 60 [Brasil]
260 3 _aPorto Alegre, RS (Brasil):
_c1982.
500 _aUso de radioisotopos na agricultura. Resultados experimentais 1982 Porto Alegre, RS (Brasil): 1982. p. 33-37 (BR8206224-AM)F00
650 _aPODER GERMINATIVO
650 _aSEMENTE
650 _aRAIO GAMA
650 _aMILHETO
773 0 _tUso de radioisotopos na agricultura. Resultados experimentais 1982
_b
_wF00 BR8206224
_gPorto Alegre, RS (Brasil), 1982. p. 33-37
909 _a202404
_bLucia
_c55
_dLucia Elande
942 _cAM
_2AGRIS
999 _c315541
_d315541